Thermodynamic formalism: the mathematical structures of equilibrium statistical mechanics

Saved in:
Bibliografiske detaljer
Hovedforfatter: Ruelle, David (Author)
Format: Bog
Sprog:engelsk
Udgivet: Cambridge Cambridge University Press 2004
Udgivelse:2a. ed
Serier:Cambridge Mathematical Library
Fag:
Tags: Tilføj Tag
Ingen Tags, Vær først til at tagge denne postø!

MARC

LEADER 00000cam a2200000 a 4500
001 UCF9240
003 CL-VaPUC
005 20230717124048.0
008 131111e20040000uk |||||||||||||||||eng|d
999 |c 353713  |d 353711 
020 |a 9780521546492 
040 |c Pontificia Universidad Católica de Valparaíso 
082 0 4 |a 530.132  |b RUE  |2 21 
100 0 |a Ruelle, David  |e author  |9 571500 
245 1 0 |a Thermodynamic formalism: the mathematical structures of equilibrium statistical mechanics 
250 |a 2a. ed 
260 |a Cambridge  |b Cambridge University Press  |c 2004 
300 |a 174 p 
490 0 |a Cambridge Mathematical Library 
583 |a last modification  |c 20131111 15:03:00  |k Rodrigo Vera 
650 7 |a MECANICA ESTATICA  |2 CL-VaPUC  |9 357509 
650 0 |a Termodinámica   |9 259320 
942 |c BK  |2 ddc 
945 |d 20131111 15:03:00  |a cmena 
952 |0 0  |1 0  |3 erb  |4 0  |6 530_132000000000000_RUE_2004  |7 0  |8 A  |9 459075  |a BIBMAT  |b BIBMAT  |d 2019-11-23  |i 5026199  |o 530.132 RUE 2004  |p 5026199  |r 2025-01-07  |w 2019-11-23  |y BK  |z Catalogado en:20131111  |k MAT